[Event "Konakovo Rating 10th"]
[Site "Konakovo"]
[Date "2014.07.16"]
[Round "7"]
[White "Shapkin, Anatoliy"]
[Black "Nikitina, Zoya N"]
[Result "1-0"]
[WhiteElo "2085"]
[BlackElo "1800"]
[PlyCount "61"]
[EventDate "2014.07.10"]
[EventType "tourn"]
[EventRounds "11"]
[EventCountry "RUS"]
[SourceTitle "EXT 2022"]
[Source "ChessBase"]
[SourceDate "2021.10.06"]
[SourceVersion "1"]
[SourceVersionDate "2021.10.06"]
[SourceQuality "1"]

1. d4 e6 2. Nf3 b6 3. g3 Bb7 4. Bg2 Nf6 5. 0-0 Be7 6. c4 0-0 7. Nc3 d5 8. cxd5 Nxd5 9. Qc2 Nxc3 10. bxc3 Nd7 11. Rd1 Nf6 12. Bg5 Be4 13. Qb3 Qe8 14. Ne5 Bxg2 15. Kxg2 Ne4 16. Bxe7 Qxe7 17. a4 c5 18. a5 Qc7 19. f3 cxd4 20. cxd4 Qc3 21. Qxc3 Nxc3 22. Rd3 Rfc8 23. axb6 axb6 24. Rxc3 f6 25. Rxa8 Rxa8 26. Nd7 b5 27. Rb3 Rd8 28. Nc5 Kf7 29. Rxb5 Rxd4 30. Rb7+ Kg8 31. Rxg7+ 1-0

[Event "Konakovo Rating 10th"]
[Site "Konakovo"]
[Date "2014.07.15"]
[Round "6"]
[White "Nikitina, Zoya N"]
[Black "Kasyanov, Vasiliy"]
[Result "0-1"]
[WhiteElo "1800"]
[BlackElo "2059"]
[PlyCount "37"]
[EventDate "2014.07.10"]
[EventType "tourn"]
[EventRounds "11"]
[EventCountry "RUS"]
[SourceTitle "EXT 2022"]
[Source "ChessBase"]
[SourceDate "2021.10.06"]
[SourceVersion "1"]
[SourceVersionDate "2021.10.06"]
[SourceQuality "1"]

1. b4 f5 2. Bb2 e6 3. b5 Nf6 4. Nf3 d5 5. e3 c6 6. c4 Bd6 7. Nc3 0-0 8. Qb3 Nbd7 9. d4 f4 10. Ng5 fxe3 11. fxe3 Ng4 12. Nxe6 Qh4+ 13. Kd2 Qf2+ 14. Be2 Qxe3+ 15. Kc2 Qxe6 16. Bxg4 Qxg4 17. Rae1 Qf5+ 18. Kd1 Qd3+ 19. Kc1 0-1

[Event "Konakovo Rating 10th"]
[Site "Konakovo"]
[Date "2014.07.12"]
[Round "3"]
[White "Guseva, Antonina"]
[Black "Nikitina, Zoya N"]
[Result "0-1"]
[WhiteElo "1701"]
[BlackElo "1800"]
[PlyCount "84"]
[EventDate "2014.07.10"]
[EventType "tourn"]
[EventRounds "11"]
[EventCountry "RUS"]
[SourceTitle "EXT 2022"]
[Source "ChessBase"]
[SourceDate "2021.10.06"]
[SourceVersion "1"]
[SourceVersionDate "2021.10.06"]
[SourceQuality "1"]

1. e4 c5 2. d3 Nc6 3. g3 Nf6 4. Bg2 d5 5. Nd2 d4 6. Ngf3 e5 7. 0-0 b5 8. a4 Rb8 9. axb5 Rxb5 10. Nc4 Bd6 11. c3 0-0 12. Qa4 a6 13. Bd2 Qc7 14. cxd4 cxd4 15. Rfc1 Qb8 16. Na3 Bxa3 17. bxa3 Qb7 18. Qc2 Bd7 19. a4 Rb2 20. Qc5 Rc8 21. Qa3 Rb3 22. Qa2 Rxd3 23. Rab1 Qa7 24. Ne1 Be6 25. Qc2 Ra3 26. Rb2 h6 27. Qb1 Kh7 28. Rb7 Qa8 29. f4 Nd8 30. Rxc8 Qxc8 31. Rb8 Qc7 32. fxe5 Nd7 33. Rb4 Qxe5 34. Bf4 Qc5 35. Kh1 Ne5 36. Bxe5 Qxe5 37. Nf3 Qh5 38. Nxd4 Rxg3 39. e5+ g6 40. Rb8 Rxg2 41. Kxg2 Qg4+ 42. Kf1 Qxd4 0-1

[Event "Konakovo Chervonny op"]
[Site "Konakovo"]
[Date "2012.09.22"]
[Round "4"]
[White "An, Yuri"]
[Black "Nikitina, Zoya N"]
[Result "1-0"]
[WhiteElo "1998"]
[BlackElo "1801"]
[PlyCount "57"]
[EventDate "2012.09.20"]
[EventType "swiss"]
[EventRounds "7"]
[EventCountry "RUS"]
[SourceTitle "CBM 150 Extra"]
[Source "ChessBase"]
[SourceDate "2012.10.19"]
[SourceVersion "1"]
[SourceVersionDate "2012.10.19"]
[SourceQuality "1"]

1. d4 d5 2. c4 e6 3. Nf3 Nf6 4. Nc3 Nc6 5. a3 a5 6. Bg5 Be7 7. e3 0-0 8. Bd3 b6 9. Rc1 Ba6 10. Bxf6 Bxf6 11. cxd5 exd5 12. Bxa6 Rxa6 13. Qb3 Ne7 14. Qb5 Ra7 15. Na4 Qb8 16. Qb3 b5 17. Nc5 a4 18. Qc2 c6 19. Nd3 Rc7 20. Nb4 Qa8 21. g4 g6 22. h4 Qa5 23. Kf1 Rfc8 24. Nd3 Bg7 25. h5 f5 26. hxg6 fxg4 27. gxh7+ Kh8 28. Nfe5 g3 29. Nf7# 1-0

[Event "Konakovo Rating 6"]
[Site "Konakovo"]
[Date "2011.05.15"]
[Round "13"]
[White "Nikitina, Zoya N"]
[Black "Dzera, Evgeniy"]
[Result "0-1"]
[WhiteElo "1810"]
[BlackElo "2175"]
[PlyCount "30"]
[EventDate "2011.05.03"]
[EventType "tourn"]
[EventRounds "13"]
[EventCountry "RUS"]
[SourceTitle "EXT 2023"]
[Source "ChessBase"]
[SourceDate "2022.10.05"]
[SourceVersion "1"]
[SourceVersionDate "2022.10.05"]
[SourceQuality "1"]

1. e4 g6 2. d4 Bg7 3. f4 d6 4. Nc3 c6 5. b3 Qb6 6. Nf3 Bg4 7. Na4 Qc7 8. Bb2 b5 9. d5 Nf6 10. Nc3 Nxe4 11. Qd3 Qa5 12. Nd4 Bf5 13. dxc6 Nf2 14. Kxf2 Bxd3 15. Bxd3 Bxd4+ 0-1

[Event "Konakovo Rating 6"]
[Site "Konakovo"]
[Date "2011.05.08"]
[Round "3"]
[White "Andriyashenko, Vladimir"]
[Black "Nikitina, Zoya N"]
[Result "0-1"]
[WhiteElo "2070"]
[BlackElo "1810"]
[PlyCount "70"]
[EventDate "2011.05.03"]
[EventType "tourn"]
[EventRounds "13"]
[EventCountry "RUS"]
[SourceTitle "EXT 2023"]
[Source "ChessBase"]
[SourceDate "2022.10.05"]
[SourceVersion "1"]
[SourceVersionDate "2022.10.05"]
[SourceQuality "1"]

1. b3 c5 2. Bb2 d5 3. e3 Nc6 4. Nf3 Bg4 5. Be2 Bxf3 6. Bxf3 e5 7. d3 Nf6 8. Nd2 Bd6 9. 0-0 0-0 10. c4 Nb4 11. Qb1 Nxd3 12. Qxd3 e4 13. Qc2 exf3 14. Nxf3 Re8 15. Rfd1 dxc4 16. Qf5 Ne4 17. bxc4 Qb6 18. Rab1 Qa6 19. Qg4 g6 20. Qh4 Qxa2 21. Nd2 Nxd2 22. Qf6 Be5 23. Bxe5 Rxe5 24. Rxb7 Rf5 25. Qe7 Nxc4 26. f3 Qe2 27. Rbd7 Nxe3 28. Rd8+ Rxd8 29. Rxd8+ Kg7 30. Qf8+ Kf6 31. Rd6+ Kg5 32. Qe7+ f6 33. h4+ Kh6 34. Qf8+ Kh5 35. g4+ Nxg4 0-1

[Event "Konakovo"]
[Site "Konakovo"]
[Date "2010.03.24"]
[Round "12"]
[White "Milutin, Lev"]
[Black "Nikitina, Zoya N"]
[Result "1-0"]
[WhiteElo "2048"]
[BlackElo "1836"]
[PlyCount "59"]
[EventDate "2010.03.19"]
[EventType "tourn"]
[EventRounds "13"]
[EventCountry "RUS"]
[SourceTitle "EXT 2012"]
[Source "ChessBase"]
[SourceDate "2011.11.24"]
[SourceVersion "1"]
[SourceVersionDate "2011.11.24"]
[SourceQuality "1"]

1. d4 d6 2. c4 c5 3. e3 cxd4 4. exd4 Nf6 5. Nc3 g6 6. h3 Bg7 7. Be3 0-0 8. Bd3 h6 9. Qd2 Kh7 10. g4 Nc6 11. 0-0-0 a6 12. f4 Nd7 13. Nf3 b6 14. f5 Bb7 15. Rhf1 Qc7 16. Nh4 Nb4 17. fxg6+ fxg6 18. Bxg6+ Kg8 19. Bxh6 Qxc4 20. Rxf8+ Rxf8 21. a3 Na2+ 22. Kb1 Nf6 23. Nxa2 Bd5 24. Nc3 Bb7 25. Re1 Nd5 26. Bxg7 Kxg7 27. Nxd5 Bxd5 28. Rxe7+ Kg8 29. Bh7+ Kh8 30. Ng6# 1-0

[Event "Konakovo"]
[Site "Konakovo"]
[Date "2010.03.23"]
[Round "10"]
[White "Matveev, Aleksandr"]
[Black "Nikitina, Zoya N"]
[Result "1-0"]
[WhiteElo "2021"]
[BlackElo "1836"]
[PlyCount "94"]
[EventDate "2010.03.19"]
[EventType "tourn"]
[EventRounds "13"]
[EventCountry "RUS"]
[SourceTitle "EXT 2012"]
[Source "ChessBase"]
[SourceDate "2011.11.24"]
[SourceVersion "1"]
[SourceVersionDate "2011.11.24"]
[SourceQuality "1"]

1. d4 d6 2. c4 Nf6 3. Nc3 g6 4. e4 Bg7 5. f3 0-0 6. Be3 e6 7. Qd2 Re8 8. Nge2 c5 9. dxc5 dxc5 10. Qxd8 Rxd8 11. Bxc5 b6 12. Be3 Nc6 13. Rd1 Bb7 14. Nc1 Rxd1+ 15. Nxd1 Nb4 16. Bd3 Rd8 17. Bb1 Nd7 18. a3 Nc6 19. 0-0 Ba6 20. b3 Nd4 21. Nf2 b5 22. Rd1 Nc5 23. cxb5 Bxb5 24. a4 Ba6 25. Ncd3 Ncxb3 26. Nb4 Ne2+ 27. Kh1 Rxd1+ 28. Nxd1 Bb7 29. Bxa7 Bf8 30. Nd3 Bc6 31. N1b2 Nd2 32. Ba2 Bd6 33. a5 Bb5 34. g3 Nxf3 35. Kg2 Ng5 36. e5 Bc7 37. Bb6 Bxb6 38. axb6 Bc6+ 39. Kf2 Nc3 40. Bc4 Nd5 41. Bxd5 exd5 42. Nc5 Ne4+ 43. Nxe4 dxe4 44. Nc4 Kf8 45. Na5 Bd5 46. b7 Bxb7 47. Nxb7 Ke7 1-0

[Event "Konakovo"]
[Site "Konakovo"]
[Date "2010.03.20"]
[Round "4"]
[White "Dzera, Evgeniy"]
[Black "Nikitina, Zoya N"]
[Result "1-0"]
[WhiteElo "2205"]
[BlackElo "1836"]
[PlyCount "69"]
[EventDate "2010.03.19"]
[EventType "tourn"]
[EventRounds "13"]
[EventCountry "RUS"]
[SourceTitle "EXT 2012"]
[Source "ChessBase"]
[SourceDate "2011.11.24"]
[SourceVersion "1"]
[SourceVersionDate "2011.11.24"]
[SourceQuality "1"]

1. b4 Nf6 2. Bb2 a6 3. c4 b5 4. cxb5 axb5 5. e3 Nc6 6. a3 Rb8 7. Nc3 Na7 8. Nf3 g6 9. Qb3 Bg7 10. d4 0-0 11. e4 Bb7 12. Bd3 d6 13. Rd1 e6 14. Qc2 c6 15. 0-0 Nc8 16. Qe2 Nd7 17. h4 h6 18. Rfe1 Ncb6 19. e5 d5 20. Bc1 Nc4 21. Bc2 Qe7 22. Qd3 Ra8 23. h5 Qe8 24. Nb1 Ndb6 25. Nh4 Nc8 26. hxg6 fxg6 27. Nxg6 Rf7 28. Nf4 Rxf4 29. Bxf4 Qh5 30. Qh7+ Kf7 31. Rd3 Qg6 32. Qxg6+ Kxg6 33. Rf3+ Kf7 34. Bxh6+ Kg8 35. Rg3 1-0

[Event "Tver Region (Women) op"]
[Site "Kimry"]
[Date "2009.12.08"]
[Round "7"]
[White "Fedorova, Anna1"]
[Black "Nikitina, Zoya N"]
[Result "1-0"]
[WhiteElo "1937"]
[BlackElo "1836"]
[PlyCount "125"]
[EventDate "2009.12.04"]
[EventType "swiss"]
[EventRounds "7"]
[EventCountry "RUS"]
[SourceTitle "EXT 2022"]
[Source "ChessBase"]
[SourceDate "2021.10.06"]
[SourceVersion "1"]
[SourceVersionDate "2021.10.06"]
[SourceQuality "1"]

1. e4 c5 2. f4 d6 3. Nc3 Nc6 4. Nf3 Nf6 5. g3 e6 6. Bg2 Be7 7. 0-0 0-0 8. d3 a6 9. h3 Qc7 10. g4 b5 11. Bd2 Bb7 12. g5 Nd7 13. h4 Nd4 14. Ne2 Nxe2+ 15. Qxe2 Nb6 16. h5 a5 17. Qf2 d5 18. e5 c4 19. d4 b4 20. c3 bxc3 21. bxc3 Na4 22. Rab1 Ba3 23. Bc1 Bxc1 24. Rfxc1 Bc6 25. Qg3 Rab8 26. Nh4 Rxb1 27. Rxb1 Rb8 28. Qe1 Nb2 29. Bf1 Ba4 30. Qd2 Nd3 31. Bxd3 cxd3 32. Qxd3 Rc8 33. Rc1 Qc4 34. Qxc4 Rxc4 35. Rb1 Kf8 36. Rb8+ Be8 37. Rb3 a4 38. Ra3 Bb5 39. f5 g6 40. hxg6 hxg6 41. fxg6 fxg6 42. Nxg6+ Kf7 43. Nf4 Bd7 44. Kf2 Rc8 45. Kg3 Rb8 46. Nd3 Rb1 47. Nc5 Be8 48. Nxa4 Rg1+ 49. Kf2 Rxg5 50. Nc5 Rg6 51. Ra7+ Kf8 52. a4 Bf7 53. a5 Rg8 54. Ra8+ Be8 55. Nxe6+ Kf7 56. Nc7 Bc6 57. Rxg8 Kxg8 58. a6 Kf7 59. a7 Ke7 60. a8Q Bxa8 61. Nxa8 Kd7 62. Nb6+ Ke6 63. Ke3 1-0